000
00277nam a22001217a 4500
003
OSt
008
201120b ||||| |||| 00| 0 eng d
100
_a
JAIN, S.P.
245
_a
Advanced Accounts Vol-II
260
_a
New Delhi
_b
Kalyani
_c
2019
650
_a
B.Com
942
_2
ddc
_c
BK
999
_c
9287
_d
9287